[Event "Koltsovo op"]
[Site "Koltsovo"]
[Date "2014.07.02"]
[Round "5"]
[White "Kuklin, Ilya"]
[Black "Chesnokov, Gennady"]
[Result "0-1"]
[WhiteElo "1826"]
[BlackElo "1986"]
[PlyCount "86"]
[EventDate "2014.06.28"]
[EventType "swiss"]
[EventRounds "9"]
[EventCountry "RUS"]
[SourceTitle "CBM 161 Extra"]
[Source "ChessBase"]
[SourceDate "2014.08.29"]
[SourceVersion "1"]
[SourceVersionDate "2014.08.29"]
[SourceQuality "1"]

1. b3 Nf6 2. Bb2 e6 3. Nf3 Be7 4. d4 b6 5. e3 Bb7 6. Bd3 d6 7. 0-0 Nbd7 8. Nbd2 0-0 9. e4 c5 10. c3 h6 11. Rc1 Rc8 12. Qe2 Re8 13. Ba6 Bxa6 14. Qxa6 Qc7 15. Qd3 Nh7 16. Rfe1 Ng5 17. e5 Nxf3+ 18. Nxf3 c4 19. bxc4 Qxc4 20. Qxc4 Rxc4 21. Nd2 Ra4 22. exd6 Bxd6 23. Ra1 Nf6 24. Ne4 Nxe4 25. Rxe4 Rc8 26. a3 Rcc4 27. Re2 Ra5 28. g3 b5 29. Kg2 Rca4 30. Bc1 Bxa3 31. Bxa3 Rxa3 32. Rxa3 Rxa3 33. Rb2 a6 34. Rc2 Kf8 35. Kf1 Ke7 36. Ke2 Kd6 37. c4 b4 38. c5+ Kc6 39. Rc4 a5 40. h4 Ra2+ 41. Ke3 b3 42. Rc3 a4 43. f4 b2 0-1

[Event "Koltsovo op"]
[Site "Koltsovo"]
[Date "2014.06.29"]
[Round "2"]
[White "Chesnokov, Gennady"]
[Black "Piskunov, Alexandr"]
[Result "0-1"]
[WhiteElo "1986"]
[BlackElo "2298"]
[PlyCount "61"]
[EventDate "2014.06.28"]
[EventType "swiss"]
[EventRounds "9"]
[EventCountry "RUS"]
[SourceTitle "CBM 161 Extra"]
[Source "ChessBase"]
[SourceDate "2014.08.29"]
[SourceVersion "1"]
[SourceVersionDate "2014.08.29"]
[SourceQuality "1"]

1. e4 d6 2. d4 Nf6 3. Nc3 Nbd7 4. Nf3 e5 5. h3 Be7 6. Be2 0-0 7. 0-0 c6 8. dxe5 dxe5 9. Bc4 Qc7 10. Qe2 b5 11. Bd3 Nc5 12. Be3 Bb7 13. a3 a6 14. Rfe1 Rfd8 15. Rad1 Ne6 16. Bc1 c5 17. b3 Rac8 18. Nd5 Bxd5 19. exd5 Rxd5 20. Nxe5 Nd4 21. Qe3 Bd6 22. Ng4 Nxg4 23. hxg4 Re5 24. Qh3 g6 25. Rxe5 Bxe5 26. Re1 c4 27. bxc4 bxc4 28. Be4 Qa5 29. Qe3 Bf4 30. Bd2 Qxd2 31. Qxd2 0-1

[Event "Syktyvkar-ch"]
[Site "Syktyvkar"]
[Date "2012.10.17"]
[Round "1"]
[White "Kirillov, Vitaly"]
[Black "Chesnokov, Gennady"]
[Result "1-0"]
[WhiteElo "2121"]
[BlackElo "1852"]
[PlyCount "43"]
[EventDate "2012.10.17"]
[EventType "tourn"]
[EventRounds "9"]
[EventCountry "RUS"]
[SourceTitle "EXT 2014"]
[Source "ChessBase"]
[SourceDate "2013.11.20"]
[SourceVersion "1"]
[SourceVersionDate "2013.11.20"]
[SourceQuality "1"]

1. e4 c5 2. Nf3 g6 3. d4 Bg7 4. Be2 cxd4 5. Nxd4 Nf6 6. f3 a6 7. Be3 0-0 8. Qd2 b5 9. 0-0 Bb7 10. a4 bxa4 11. c4 d6 12. Nc3 Nbd7 13. Nxa4 Qc7 14. Rfc1 Nc5 15. b4 Nxa4 16. Rxa4 Nd7 17. Ra5 Rfc8 18. Nb3 Rd8 19. Ra2 h5 20. Na5 Bc8 21. Qd5 Nb6 22. Qc6 1-0

[Event "Novosibirsk Sukharev Memorial Seniors"]
[Site "Novosibirsk"]
[Date "2012.07.26"]
[Round "9"]
[White "Chesnokov, Gennady"]
[Black "Boryak, Alexey"]
[Result "1-0"]
[WhiteElo "2020"]
[BlackElo "1970"]
[PlyCount "123"]
[EventDate "2012.07.18"]
[EventType "swiss"]
[EventRounds "9"]
[EventCountry "RUS"]
[SourceTitle "EXT 2014"]
[Source "ChessBase"]
[SourceDate "2013.11.20"]
[SourceVersion "1"]
[SourceVersionDate "2013.11.20"]
[SourceQuality "1"]

1. c4 e5 2. Nc3 Nc6 3. Nf3 Nf6 4. d3 Bb4 5. Bd2 d6 6. g3 0-0 7. Bg2 Re8 8. 0-0 Bg4 9. h3 Bd7 10. a3 Bc5 11. b4 Bb6 12. Na4 Nd4 13. Nxb6 Nxf3+ 14. Bxf3 axb6 15. Kh2 Qc8 16. Bg2 h6 17. Bc3 Bc6 18. e4 Nh7 19. b5 Bd7 20. Bb4 Re6 21. f4 c5 22. Bc3 Re8 23. Bb2 Qd8 24. Qf3 f6 25. Rae1 Qe7 26. g4 Rf8 27. Qg3 g5 28. f5 Be8 29. Bf3 Kg7 30. Kg2 Kh8 31. Rh1 h5 32. gxh5 Rg8 33. Kf2 Qg7 34. Qg4 Qh6 35. Reg1 Bf7 36. Bc1 Rg7 37. Rg2 Rgg8 38. Rhg1 Qf8 39. Be2 Qe7 40. Rg3 Raf8 41. h4 gxh4 42. Qxh4 Rxg3 43. Rxg3 Rg8 44. Rxg8+ Bxg8 45. Qg4 Ng5 46. Bd1 Kh7 47. Bxg5 fxg5 48. Qf3 Qf6 49. Kg3 Bf7 50. Qh1 Kh6 51. Qe1 Qe7 52. Qd2 Be8 53. Bf3 Qf6 54. Bg4 Bd7 55. Bd1 Kg7 56. Kg4 Qh6 57. Qxg5+ Kh7 58. Qg6+ Qxg6+ 59. hxg6+ Kg7 60. Bf3 Be8 61. Kg5 Bd7 62. f6+ 1-0

[Event "Novosibirsk Sukharev Memorial Seniors"]
[Site "Novosibirsk"]
[Date "2012.07.24"]
[Round "7"]
[White "Merkuriev, Vyacheslav Aleksand"]
[Black "Chesnokov, Gennady"]
[Result "0-1"]
[WhiteElo "1982"]
[BlackElo "2020"]
[PlyCount "78"]
[EventDate "2012.07.18"]
[EventType "swiss"]
[EventRounds "9"]
[EventCountry "RUS"]
[SourceTitle "EXT 2014"]
[Source "ChessBase"]
[SourceDate "2013.11.20"]
[SourceVersion "1"]
[SourceVersionDate "2013.11.20"]
[SourceQuality "1"]

1. e4 c6 2. d4 d5 3. exd5 cxd5 4. c4 Nf6 5. Nc3 e6 6. Nf3 Be7 7. a3 0-0 8. c5 a5 9. Na4 Nfd7 10. b4 b6 11. Nxb6 Nxb6 12. cxb6 axb4 13. Bd2 Qxb6 14. axb4 Rxa1 15. Qxa1 Bxb4 16. Bd3 Bxd2+ 17. Kxd2 Nd7 18. Rb1 Qd6 19. g3 Rd8 20. Qa7 g6 21. h4 h5 22. Ng5 Rf8 23. f4 Kg7 24. Rb3 Qc6 25. Nf3 Qd6 26. Ne5 Nxe5 27. fxe5 Qd7 28. Qa1 f6 29. Qb1 Qf7 30. Rc3 fxe5 31. dxe5 Qf2+ 32. Be2 Ba6 33. Rc7+ Kh6 34. Qc1 g5 35. Kc3 Qxg3+ 36. Kc2 Bxe2 37. hxg5+ Kg6 38. Qd2 Qxe5 39. Rc3 Bg4 0-1

[Event "Novosibirsk Sukharev Memorial Seniors"]
[Site "Novosibirsk"]
[Date "2011.07.26"]
[Round "9"]
[White "Chesnokov, Gennady"]
[Black "Popova, Adelanda"]
[Result "1-0"]
[WhiteElo "1946"]
[BlackElo "1626"]
[PlyCount "26"]
[EventDate "2011.07.18"]
[EventType "swiss"]
[EventRounds "9"]
[EventCountry "RUS"]
[SourceTitle "EXT 2014"]
[Source "ChessBase"]
[SourceDate "2013.11.20"]
[SourceVersion "1"]
[SourceVersionDate "2013.11.20"]
[SourceQuality "1"]

1. e4 d6 2. d4 g6 3. f4 Bg7 4. Nf3 Bg4 5. c3 Nd7 6. h3 Bxf3 7. Qxf3 c6 8. Bc4 b5 9. Bb3 e6 10. 0-0 h5 11. f5 gxf5 12. exf5 Ngf6 13. fxe6 fxe6 1-0

[Event "Novosibirsk Sukharev Memorial Seniors"]
[Site "Novosibirsk"]
[Date "2011.07.22"]
[Round "5"]
[White "Chesnokov, Gennady"]
[Black "Volkov, Petr"]
[Result "1/2-1/2"]
[WhiteElo "1946"]
[BlackElo "2128"]
[PlyCount "80"]
[EventDate "2011.07.18"]
[EventType "swiss"]
[EventRounds "9"]
[EventCountry "RUS"]
[SourceTitle "EXT 2014"]
[Source "ChessBase"]
[SourceDate "2013.11.20"]
[SourceVersion "1"]
[SourceVersionDate "2013.11.20"]
[SourceQuality "1"]

1. c4 e5 2. Nc3 Nc6 3. Nf3 Nf6 4. d3 d5 5. cxd5 Nxd5 6. g3 Be6 7. Bg2 Be7 8. 0-0 Qd7 9. Ng5 Bxg5 10. Bxg5 f6 11. Bd2 Nxc3 12. bxc3 Bh3 13. Qa4 Bxg2 14. Kxg2 Qd5+ 15. f3 0-0 16. Rab1 b6 17. Qb3 Rfd8 18. Kf2 Na5 19. Qxd5+ Rxd5 20. Rb2 Rad8 21. Re1 Nb7 22. c4 R5d7 23. Be3 c5 24. a4 f5 25. Ra1 Na5 26. Bg5 Rf8 27. Bd2 Nc6 28. Bc3 e4 29. dxe4 fxe4 30. f4 g5 31. Ke3 Nd4 32. a5 Nf5+ 33. Kf2 gxf4 34. gxf4 e3+ 35. Kf3 Nd4+ 36. Bxd4 Rxd4 37. axb6 Rdxf4+ 38. Kxe3 axb6 39. Rg1+ Kh8 40. Rxb6 Rxc4 1/2-1/2

[Event "Novosibirsk Seniors op"]
[Site "Novosibirsk"]
[Date "2010.10.04"]
[Round "9"]
[White "Klimov, Valery"]
[Black "Chesnokov, Gennady"]
[Result "1/2-1/2"]
[WhiteElo "1940"]
[BlackElo "1963"]
[PlyCount "69"]
[EventDate "2010.09.24"]
[EventType "swiss"]
[EventRounds "9"]
[EventCountry "RUS"]
[SourceTitle "EXT 2014"]
[Source "ChessBase"]
[SourceDate "2013.11.20"]
[SourceVersion "1"]
[SourceVersionDate "2013.11.20"]
[SourceQuality "1"]

1. e4 g6 2. d4 Bg7 3. Be3 c5 4. Nc3 Qa5 5. Nge2 d6 6. Qd2 Nf6 7. f3 a6 8. 0-0-0 cxd4 9. Nxd4 Nc6 10. Nb3 Qc7 11. g4 Be6 12. Nd5 Bxd5 13. exd5 Ne5 14. Qf2 Nc4 15. Bd4 0-0 16. h4 e5 17. Bc3 h5 18. g5 Nd7 19. f4 exf4 20. Bxg7 Kxg7 21. Qxf4 Nde5 22. Nd4 Rfe8 23. Be2 Rac8 24. Rhf1 Rf8 25. Rf2 Qd8 26. Rdf1 Qa5 27. Rd1 Qxa2 28. Nb3 Rc7 29. Qg3 Nd7 30. Bxc4 Rxc4 31. Qf3 Nc5 32. Nxc5 Rxc5 33. Qa3 Qxa3 34. bxa3 Rfc8 35. Rdf1 1/2-1/2

[Event "Novosibirsk Seniors op"]
[Site "Novosibirsk"]
[Date "2010.10.02"]
[Round "8"]
[White "Chesnokov, Gennady"]
[Black "Okladnikov, Gennady"]
[Result "0-1"]
[WhiteElo "1963"]
[BlackElo "2176"]
[PlyCount "58"]
[EventDate "2010.09.24"]
[EventType "swiss"]
[EventRounds "9"]
[EventCountry "RUS"]
[SourceTitle "EXT 2014"]
[Source "ChessBase"]
[SourceDate "2013.11.20"]
[SourceVersion "1"]
[SourceVersionDate "2013.11.20"]
[SourceQuality "1"]

1. e4 e6 2. d4 d5 3. Nd2 Nf6 4. e5 Nfd7 5. f4 c5 6. c3 Nc6 7. Ndf3 Be7 8. g3 f6 9. Kf2 Qb6 10. Kg2 Nf8 11. Bd3 Bd7 12. Ne2 0-0-0 13. b3 cxd4 14. cxd4 Be8 15. h3 h6 16. Bb2 Kb8 17. Rc1 f5 18. g4 Ng6 19. gxf5 exf5 20. Bxf5 Rf8 21. Qc2 a6 22. Bxg6 Nb4 23. Qb1 Bxg6 24. Qa1 Nc2 25. Rxc2 Bxc2 26. Qc1 Qg6+ 27. Kf2 Qe4 28. Ng3 Qxf4 29. Qxc2 Rc8 0-1

[Event "Novosibirsk Seniors op"]
[Site "Novosibirsk"]
[Date "2010.09.28"]
[Round "4"]
[White "Litvinov, Yuriy"]
[Black "Chesnokov, Gennady"]
[Result "0-1"]
[WhiteElo "2307"]
[BlackElo "1963"]
[PlyCount "106"]
[EventDate "2010.09.24"]
[EventType "swiss"]
[EventRounds "9"]
[EventCountry "RUS"]
[SourceTitle "EXT 2014"]
[Source "ChessBase"]
[SourceDate "2013.11.20"]
[SourceVersion "1"]
[SourceVersionDate "2013.11.20"]
[SourceQuality "1"]

1. d4 Nf6 2. Bf4 e6 3. e3 d5 4. Nd2 c5 5. c3 Bd6 6. Bxd6 Qxd6 7. f4 Nc6 8. Nh3 Bd7 9. Be2 Ne7 10. Bd3 Qb6 11. Rb1 Bb5 12. Nf2 Qa6 13. Bxb5+ Qxb5 14. a4 Qc6 15. 0-0 Nf5 16. Re1 Nd6 17. Nd3 c4 18. Ne5 Qc7 19. Qf3 g6 20. Qh3 0-0 21. g4 h5 22. g5 Nfe4 23. Nf1 Kg7 24. Ng3 Rh8 25. Qh4 Nd2 26. Rbd1 N6e4 27. Kg2 Nxg3 28. hxg3 Ne4 29. Re2 Raf8 30. Rh1 Nd6 31. g4 hxg4 32. Qxg4 Rxh1 33. Kxh1 Rh8+ 34. Rh2 Qd8 35. Qg2 Nf5 36. Ng4 Rxh2+ 37. Qxh2 Qe8 38. Nh6 Qxa4 39. Nxf5+ exf5 40. Qg2 Qc6 41. Kh2 Qe6 42. Qf2 b5 43. Qd2 Qe4 44. Kg3 f6 45. gxf6+ Kxf6 46. Kh2 Qf3 47. Kg1 a5 48. Kh2 Qe4 49. Qf2 b4 50. Qh4+ Kg7 51. Qe1 b3 52. Kg3 a4 53. Qc1 a3 0-1

[Event "Novosibirsk Seniors op"]
[Site "Novosibirsk"]
[Date "2010.09.25"]
[Round "2"]
[White "Nikitin, Gennady Sergeevich"]
[Black "Chesnokov, Gennady"]
[Result "1-0"]
[WhiteElo "2109"]
[BlackElo "1963"]
[PlyCount "71"]
[EventDate "2010.09.24"]
[EventType "swiss"]
[EventRounds "9"]
[EventCountry "RUS"]
[SourceTitle "EXT 2014"]
[Source "ChessBase"]
[SourceDate "2013.11.20"]
[SourceVersion "1"]
[SourceVersionDate "2013.11.20"]
[SourceQuality "1"]

1. e4 c6 2. d4 d5 3. exd5 cxd5 4. c4 Nf6 5. Nc3 e6 6. Nf3 Be7 7. c5 b6 8. b4 bxc5 9. bxc5 0-0 10. Bd3 Ba6 11. 0-0 Bxd3 12. Qxd3 Nc6 13. Bf4 Nh5 14. Bd2 Qd7 15. Rab1 Rab8 16. Rxb8 Rxb8 17. Rb1 Rxb1+ 18. Qxb1 h6 19. h3 Nf6 20. Bf4 Qc8 21. a4 Ne8 22. Qd3 Bd8 23. Nb5 Qa6 24. Qc2 Nb4 25. Qb3 Nc6 26. Ne5 Nxe5 27. Bxe5 Qb7 28. Qc2 Nc7 29. c6 Qb8 30. Qc5 a6 31. Nxc7 Bxc7 32. Bxc7 Qxc7 33. a5 Kh7 34. g3 e5 35. dxe5 Qxe5 36. c7 1-0

[Event "Novosibirsk Seniors op"]
[Site "Novosibirsk"]
[Date "2010.09.24"]
[Round "1"]
[White "Chesnokov, Gennady"]
[Black "Ivanov, Albert"]
[Result "1-0"]
[WhiteElo "1963"]
[BlackElo "1758"]
[PlyCount "33"]
[EventDate "2010.09.24"]
[EventType "swiss"]
[EventRounds "9"]
[EventCountry "RUS"]
[SourceTitle "EXT 2014"]
[Source "ChessBase"]
[SourceDate "2013.11.20"]
[SourceVersion "1"]
[SourceVersionDate "2013.11.20"]
[SourceQuality "1"]

1. e4 c5 2. f4 d6 3. Nf3 Nf6 4. Nc3 a6 5. a4 e6 6. Bc4 Be7 7. 0-0 b6 8. d3 Bb7 9. e5 Nfd7 10. exd6 Bxd6 11. Ng5 0-0 12. f5 e5 13. Qh5 Nf6 14. Bxf7+ Kh8 15. Qh3 Qd7 16. Nxh7 Rxf7 17. Nxf6# 1-0

[Event "Novosibirsk Sukharev Memorial Seniors"]
[Site "Novosibirsk"]
[Date "2010.07.25"]
[Round "8"]
[White "Chesnokov, Gennady"]
[Black "Dubrovin, Yury"]
[Result "0-1"]
[WhiteElo "1970"]
[BlackElo "2067"]
[PlyCount "202"]
[EventDate "2010.07.18"]
[EventType "swiss"]
[EventRounds "9"]
[EventCountry "RUS"]
[SourceTitle "EXT 2011"]
[Source "ChessBase"]
[SourceDate "2010.11.26"]
[SourceVersion "1"]
[SourceVersionDate "2010.11.26"]
[SourceQuality "1"]

1. e4 c6 2. d4 d5 3. exd5 cxd5 4. Bd3 Nc6 5. c3 Nf6 6. Nf3 Bg4 7. Nbd2 g6 8. h3 Bf5 9. Qe2 Bg7 10. Bxf5 gxf5 11. Nh4 Qd7 12. Nb3 b6 13. 0-0 0-0 14. Bf4 Kh8 15. Rfe1 e6 16. Nf3 Ne4 17. Nbd2 Rg8 18. Ne5 Nxe5 19. dxe5 Rac8 20. f3 Nc5 21. Nb3 Bf8 22. Nd4 a6 23. Rad1 b5 24. Kh2 Be7 25. Rg1 Rg6 26. g3 Na4 27. Rg2 Nb6 28. Rdg1 Na4 29. a3 Qc7 30. Qd2 Nb6 31. Qe2 Qc4 32. Qd1 Nd7 33. Qe2 Qxe2 34. Rxe2 Rgg8 35. g4 fxg4 36. Rxg4 Rg6 37. Reg2 Nc5 38. Rd2 Bf8 39. Rxg6 hxg6 40. Nc2 Bg7 41. Ne3 Nd7 42. Ng4 Rc4 43. Kg3 Kg8 44. Re2 Kf8 45. Ne3 Rc8 46. Nc2 Ke8 47. Kg4 Bf8 48. Bg3 Be7 49. Nd4 Rc4 50. f4 Rc8 51. Kf3 Nc5 52. Ke3 Ne4 53. Be1 Kd7 54. Nf3 Kc6 55. Kd3 Nc5+ 56. Ke3 Kb6 57. Ng5 Bxg5 58. fxg5 Ne4 59. h4 Kc5 60. Kd3 Kb6 61. Re3 Rc7 62. Rf3 Nc5+ 63. Ke3 Ne4 64. Kd3 Kc6 65. Rf1 Kb7 66. Rf3 Kc8 67. Rf1 Kd8 68. Rf4 Ke8 69. b3 a5 70. c4 bxc4+ 71. bxc4 Rxc4 72. Bxa5 Rc1 73. Bb4 Rh1 74. Ke3 Rc1 75. Rf3 Rc2 76. Rf1 Rh2 77. Rf4 Rh3+ 78. Ke2 Rb3 79. Rf3 Rxf3 80. Kxf3 Kd7 81. Ke3 Kc6 82. Kd4 Kb5 83. Kd3 Ng3 84. Be1 Nf5 85. Kc3 Ka4 86. Kb2 Ne3 87. Kc3 Kxa3 88. Bf2 Nf5 89. Be1 Ka4 90. Kd3 Kb5 91. Bf2 Kc6 92. Be1 d4 93. Kc4 Ne3+ 94. Kd3 Kd5 95. Bf2 Nf5 96. Be1 Kxe5 97. Kc4 Ke4 98. Kc5 d3 99. Kc6 Ke3 100. Kc5 d2 101. Bxd2+ Kxd2 0-1

[Event "Novosibirsk Sukharev Memorial Seniors"]
[Site "Novosibirsk"]
[Date "2010.07.22"]
[Round "5"]
[White "Litvinov, Yury"]
[Black "Chesnokov, Gennady"]
[Result "1-0"]
[WhiteElo "2031"]
[BlackElo "1970"]
[PlyCount "133"]
[EventDate "2010.07.18"]
[EventType "swiss"]
[EventRounds "9"]
[EventCountry "RUS"]
[SourceTitle "EXT 2011"]
[Source "ChessBase"]
[SourceDate "2010.11.26"]
[SourceVersion "1"]
[SourceVersionDate "2010.11.26"]
[SourceQuality "1"]

1. d4 Nf6 2. Bf4 e6 3. e3 d5 4. Nd2 c5 5. c3 Bd6 6. Bg5 Nbd7 7. f4 Be7 8. Bd3 b6 9. Nh3 Bb7 10. 0-0 h6 11. Bh4 0-0 12. Qe2 Ne4 13. Bxe7 Qxe7 14. Nf3 f5 15. Ne5 Nxe5 16. fxe5 Bc6 17. Rf3 Be8 18. Bxe4 fxe4 19. Rxf8+ Qxf8 20. Rf1 Qe7 21. Qg4 Bf7 22. Nf4 Rf8 23. h4 Re8 24. Kf2 cxd4 25. exd4 Rf8 26. Kg1 Re8 27. Re1 Kh7 28. Re3 g5 29. hxg5 Qxg5 30. Qxg5 hxg5 31. Rh3+ Kg7 32. Rg3 Kh6 33. Nh3 Rg8 34. Kf2 Bh5 35. Ke1 Rg7 36. a4 g4 37. Nf4 Re7 38. Re3 Kg5 39. g3 Be8 40. b3 Rh7 41. Re2 Rh8 42. Kd2 Rh1 43. c4 Rf1 44. cxd5 Rxf4 45. gxf4+ Kxf4 46. Rf2+ Kg5 47. Rf8 Bd7 48. Rf7 Be8 49. dxe6 g3 50. Ke3 Kg4 51. Kxe4 g2 52. Rg7+ Kh3 53. d5 Bh5 54. d6 Bg4 55. Rxg4 Kxg4 56. d7 g1Q 57. d8Q Qb1+ 58. Kd4 Qb2+ 59. Kc4 Qe2+ 60. Kc3 Qe3+ 61. Kc4 Qe4+ 62. Kc3 Qe3+ 63. Kb4 Qd2+ 64. Kc4 Qc2+ 65. Kb5 Qd3+ 66. Kc6 Qxb3 67. Kb7 1-0

[Event "Novosibirsk April op"]
[Site "Novosibirsk"]
[Date "2010.04.09"]
[Round "7"]
[White "Chesnokov, Gennady"]
[Black "Piskulin, Nikolai"]
[Result "1-0"]
[WhiteElo "1965"]
[BlackElo "1727"]
[PlyCount "57"]
[EventDate "2010.04.02"]
[EventType "swiss"]
[EventRounds "9"]
[EventCountry "RUS"]
[SourceTitle "EXT 2011"]
[Source "ChessBase"]
[SourceDate "2010.11.26"]
[SourceVersion "1"]
[SourceVersionDate "2010.11.26"]
[SourceQuality "1"]

1. e4 c5 2. f4 Nc6 3. Nf3 e6 4. Bb5 Nge7 5. 0-0 a6 6. Bxc6 Nxc6 7. a4 d5 8. exd5 exd5 9. Re1+ Be7 10. d4 0-0 11. dxc5 Bxc5+ 12. Kh1 d4 13. Bd2 Bf5 14. Na3 Qd5 15. c4 Qd6 16. Ne5 Nxe5 17. Rxe5 Bg6 18. Rd5 Qc7 19. f5 Rae8 20. Nc2 h6 21. fxg6 fxg6 22. Rxc5 Qxc5 23. Bb4 Qxc4 24. Bxf8 Rxf8 25. h3 d3 26. Ne3 Qb4 27. Qxd3 Rf2 28. Qc4+ Qxc4 29. Nxc4 1-0

[Event "Novosibirsk April op"]
[Site "Novosibirsk"]
[Date "2010.04.07"]
[Round "5"]
[White "Chesnokov, Gennady"]
[Black "Pozharsky, Nikolay"]
[Result "0-1"]
[WhiteElo "1965"]
[BlackElo "2179"]
[PlyCount "80"]
[EventDate "2010.04.02"]
[EventType "swiss"]
[EventRounds "9"]
[EventCountry "RUS"]
[SourceTitle "EXT 2011"]
[Source "ChessBase"]
[SourceDate "2010.11.26"]
[SourceVersion "1"]
[SourceVersionDate "2010.11.26"]
[SourceQuality "1"]

1. e4 e5 2. f4 exf4 3. Nf3 Be7 4. Bc4 Nc6 5. d4 d5 6. exd5 Nb4 7. Bxf4 Bf5 8. Bb3 Nxd5 9. Bd2 Ngf6 10. 0-0 0-0 11. Nc3 c6 12. Nxd5 cxd5 13. c3 Ne4 14. Be3 Be6 15. Nd2 Nd6 16. Bc2 g6 17. Bh6 Re8 18. Bf4 Rc8 19. Qf3 Nf5 20. Ba4 Rf8 21. Bc2 Nxd4 22. cxd4 Rxc2 23. Qb3 Qc8 24. Nf3 Rd8 25. Rae1 Rc4 26. a3 b6 27. Ne5 Rxd4 28. Nxf7 Rxf4 29. Nxd8 Bc5+ 30. Kh1 Rxf1+ 31. Rxf1 Qxd8 32. Re1 Bf7 33. Qd3 a5 34. h3 Qd7 35. Rc1 Qe7 36. b4 axb4 37. axb4 Bf2 38. Rc8+ Kg7 39. Rc2 Qe1+ 40. Kh2 Qg1# 0-1

[Event "Novosibirsk April op"]
[Site "Novosibirsk"]
[Date "2010.04.06"]
[Round "4"]
[White "Ikonnikov, Vladimir"]
[Black "Chesnokov, Gennady"]
[Result "0-1"]
[WhiteElo "1829"]
[BlackElo "1965"]
[PlyCount "68"]
[EventDate "2010.04.02"]
[EventType "swiss"]
[EventRounds "9"]
[EventCountry "RUS"]
[SourceTitle "EXT 2011"]
[Source "ChessBase"]
[SourceDate "2010.11.26"]
[SourceVersion "1"]
[SourceVersionDate "2010.11.26"]
[SourceQuality "1"]

1. Nf3 d5 2. d4 g6 3. Bf4 Bg7 4. e3 Nf6 5. h3 0-0 6. c4 c6 7. Nc3 Re8 8. Qb3 e6 9. cxd5 exd5 10. Be2 Nbd7 11. 0-0 Qb6 12. Qxb6 Nxb6 13. b4 a6 14. a4 Ne4 15. Rfc1 Nxc3 16. Rxc3 Nd7 17. Rac1 a5 18. b5 c5 19. R3c2 c4 20. Kf1 Bf8 21. Ne5 f6 22. Nxd7 Bxd7 23. Bf3 Be6 24. e4 Bb4 25. exd5 Bf5 26. Ra2 Bd3+ 27. Be2 Rxe2 28. Rxe2 Re8 29. Be3 Bd2 30. Rd1 c3 31. Ra1 c2 32. Bxd2 Rxe2 33. Be1 Rd2+ 34. Kg1 Rd1 0-1

[Event "Novosibirsk April op"]
[Site "Novosibirsk"]
[Date "2010.04.03"]
[Round "2"]
[White "Chuguev, Anton"]
[Black "Chesnokov, Gennady"]
[Result "1-0"]
[WhiteElo "2266"]
[BlackElo "1965"]
[PlyCount "105"]
[EventDate "2010.04.02"]
[EventType "swiss"]
[EventRounds "9"]
[EventCountry "RUS"]
[SourceTitle "EXT 2011"]
[Source "ChessBase"]
[SourceDate "2010.11.26"]
[SourceVersion "1"]
[SourceVersionDate "2010.11.26"]
[SourceQuality "1"]

1. d4 Nf6 2. c4 e6 3. Nf3 b6 4. g3 Bb7 5. Bg2 d6 6. 0-0 Be7 7. Nc3 Ne4 8. Qd3 Nxc3 9. bxc3 Nd7 10. e4 0-0 11. Re1 e5 12. Bh3 Nf6 13. Rb1 exd4 14. cxd4 Re8 15. Bb2 Bf8 16. Nd2 c5 17. d5 Bc8 18. Bxc8 Rxc8 19. a4 Nd7 20. Nf3 Be7 21. e5 dxe5 22. Nxe5 Nxe5 23. Rxe5 Bd6 24. Rxe8+ Qxe8 25. Qc3 f6 26. Qe1 Kf7 27. Kg2 Qd7 28. Qe4 Re8 29. Qxh7 Qg4 30. Qd3 Rh8 31. h4 Rxh4 32. Rh1 Qe4+ 33. Qxe4 Rxe4 34. Rc1 Re2 35. Bc3 Bc7 36. Kf3 Ra2 37. Ra1 Rc2 38. Ra3 Be5 39. Bxe5 fxe5 40. Ke4 Rxc4+ 41. Kxe5 Ke7 42. d6+ Kd7 43. Rf3 Ke8 44. Kd5 Rd4+ 45. Kc6 c4 46. Kc7 a6 47. Re3+ Kf7 48. d7 Kf6 49. d8Q+ Rxd8 50. Kxd8 b5 51. axb5 axb5 52. Kc7 b4 53. Re4 1-0

[Event "Novosibirsk November op"]
[Site "Novosibirsk"]
[Date "2009.11.23"]
[Round "5"]
[White "Chesnokov, Gennady"]
[Black "Geraschenko, Vladimir"]
[Result "1-0"]
[WhiteElo "1982"]
[BlackElo "1853"]
[PlyCount "81"]
[EventDate "2009.11.16"]
[EventType "swiss"]
[EventRounds "9"]
[EventCountry "RUS"]
[SourceTitle "EXT 2011"]
[Source "ChessBase"]
[SourceDate "2010.11.26"]
[SourceVersion "1"]
[SourceVersionDate "2010.11.26"]
[SourceQuality "1"]

1. e4 c5 2. f4 e5 3. d3 Nc6 4. Nf3 Bd6 5. f5 Nf6 6. Bg5 Qb6 7. b3 Be7 8. Nc3 h6 9. Bxf6 Bxf6 10. Nd5 Qa5+ 11. c3 b5 12. a4 b4 13. c4 Bb7 14. Be2 0-0-0 15. Kd2 Rdg8 16. Qe1 Qd8 17. Qf2 d6 18. Rag1 Kb8 19. Kc2 Bc8 20. Kb2 Bd7 21. g4 Nd4 22. Nxd4 exd4 23. Nxf6 Qxf6 24. h4 Qe5 25. g5 h5 26. g6 f6 27. Qf1 Kc7 28. Rg2 Bc6 29. Rh3 Re8 30. Rgh2 Kb6 31. Qd1 Bxe4 32. dxe4 d3+ 33. Ka2 dxe2 34. Rxe2 Kc7 35. Rd3 Rd8 36. Red2 Rd7 37. Rd5 Qe7 38. Qf3 Kc6 39. e5 Kb6 40. Rxd6+ Kc7 41. Qc6+ 1-0

[Event "Novosibirsk November op"]
[Site "Novosibirsk"]
[Date "2009.11.20"]
[Round "4"]
[White "Romanov, Viktor"]
[Black "Chesnokov, Gennady"]
[Result "1-0"]
[WhiteElo "1993"]
[BlackElo "1982"]
[PlyCount "97"]
[EventDate "2009.11.16"]
[EventType "swiss"]
[EventRounds "9"]
[EventCountry "RUS"]
[SourceTitle "EXT 2011"]
[Source "ChessBase"]
[SourceDate "2010.11.26"]
[SourceVersion "1"]
[SourceVersionDate "2010.11.26"]
[SourceQuality "1"]

1. d4 Nf6 2. c4 c5 3. Nf3 cxd4 4. Nxd4 d6 5. g3 Nc6 6. Bg2 Nxd4 7. Qxd4 g6 8. 0-0 Bg7 9. Nc3 0-0 10. Bg5 Re8 11. Rfd1 Ng4 12. Qd2 h6 13. Be3 Nxe3 14. Qxe3 Qa5 15. Rxd6 Be6 16. Rxe6 fxe6 17. Qxe6+ Kh8 18. Nd5 Qc5 19. Be4 Qd6 20. Qxg6 Qxg6 21. Bxg6 Red8 22. Nxe7 Rd2 23. Bd3 Rxb2 24. Nf5 Bf8 25. Kg2 Rc8 26. a4 a5 27. Kf3 Kg8 28. Kg4 Kf7 29. f4 Rc6 30. h4 b6 31. h5 Bb4 32. Be4 Rf6 33. Bd5+ Kf8 34. e4 Ke8 35. e5 Rf8 36. Nxh6 Bc3 37. Bc6+ Kd8 38. Rd1+ Kc7 39. Bb5 Rd2 40. Rxd2 Bxd2 41. Nf5 Be1 42. e6 Bb4 43. e7 Bxe7 44. Nxe7 Kd6 45. Nd5 Rg8+ 46. Kf3 Rb8 47. g4 Ke6 48. Ke4 Kd6 49. Nf6 1-0

[Event "Novosibirsk November op"]
[Site "Novosibirsk"]
[Date "2009.11.17"]
[Round "2"]
[White "Novichkov, Vladimir"]
[Black "Chesnokov, Gennady"]
[Result "1-0"]
[WhiteElo "2144"]
[BlackElo "1982"]
[PlyCount "63"]
[EventDate "2009.11.16"]
[EventType "swiss"]
[EventRounds "9"]
[EventCountry "RUS"]
[SourceTitle "EXT 2011"]
[Source "ChessBase"]
[SourceDate "2010.11.26"]
[SourceVersion "1"]
[SourceVersionDate "2010.11.26"]
[SourceQuality "1"]

1. e4 c6 2. d4 d5 3. e5 c5 4. dxc5 e6 5. a3 Bxc5 6. b4 Bf8 7. Bb2 Bd7 8. Nf3 g6 9. Bd3 Bg7 10. 0-0 Nh6 11. Nbd2 Ba4 12. Qe2 0-0 13. c4 Nc6 14. Rac1 Rc8 15. Rfe1 Re8 16. h3 Nf5 17. b5 dxc4 18. Bxf5 Bxb5 19. Be4 c3 20. Qxb5 cxd2 21. Nxd2 Qxd2 22. Rcd1 Qg5 23. Bf3 Qe7 24. Rd6 a6 25. Qd3 Rcd8 26. Bxc6 bxc6 27. Rd1 Rxd6 28. exd6 Qd7 29. Bxg7 Kxg7 30. Qxa6 Rc8 31. a4 Kf8 32. Qc4 1-0